00277nam a2200121Ia 45000030006000000080041000060400015000471000010000622450028000722600026001005460012001260050017001380STCL150530s9999 xx 000 0 und d aSTCLcSTCL aEliot aMurder in the cathedral bFaber and Faberc1938 aEnglish20220125171002.0